| 000 | 00655nam a22002057a 4500 | ||
|---|---|---|---|
| 003 | 0 | ||
| 005 | 20250930100113.0 | ||
| 008 | 250930b xxu||||| |||| 00| 0 eng d | ||
| 020 | _a978-1-119-88395-1 | ||
| 050 |
_aBF 692 _b.L44 2024 |
||
| 100 |
_aLehmiller, Justin J., _eauthor. |
||
| 245 |
_aThe Psychology of human sexuality / _cJustin J. Lehmiller. |
||
| 250 | _aThird edition. | ||
| 260 |
_aHoboken, NJ : _bJohn Wiley & Sons, Inc., _c2024. |
||
| 300 |
_axxiv, 381 pages : _bcolored illustrations ; _c28 cm. |
||
| 504 | _aIncludes bibliographical references and index. | ||
| 650 | _aSex (Psychology). | ||
| 650 | _aSex (Biology). | ||
| 942 |
_2lcc _cBK |
||
| 999 |
_c368147 _d368147 |
||